Diagnosis of heart disease / (Record no. 1892)

000 -LEADER
fixed length control field 00865pam a2200289 a 4500
003 - CONTROL NUMBER IDENTIFIER
control field OSt
005 - DATE AND TIME OF LATEST TRANSACTION
control field 20210701111130.0
008 - FIXED-LENGTH DATA ELEMENTS--GENERAL INFORMATION
fixed length control field 900913s1991 nyua b 001 0 eng c
020 ## - INTERNATIONAL STANDARD BOOK NUMBER
International Standard Book Number 0387974288 (alk. paper)
040 ## - CATALOGING SOURCE
Transcribing agency DLC
050 00 - LIBRARY OF CONGRESS CALL NUMBER
Classification number RC683
Item number .F59 1991
060 ## - NATIONAL LIBRARY OF MEDICINE CALL NUMBER
Classification number WG 141 F787d
100 1# - MAIN ENTRY--PERSONAL NAME
Personal name Fowler, Noble O.
245 10 - TITLE STATEMENT
Title Diagnosis of heart disease /
Statement of responsibility, etc. Noble O. Fowler.
260 ## - PUBLICATION, DISTRIBUTION, ETC.
Place of publication, distribution, etc. New York :
Name of publisher, distributor, etc. Springer-Verlag,
Date of publication, distribution, etc. c1991.
300 ## - PHYSICAL DESCRIPTION
Extent xii, 429 p. :
Other physical details ill. ;
Dimensions 26 cm.
500 ## - GENERAL NOTE
General note Includes index.
504 ## - BIBLIOGRAPHY, ETC. NOTE
Bibliography, etc. note Includes bibliographical references.
650 #0 - SUBJECT ADDED ENTRY--TOPICAL TERM
Topical term or geographic name entry element Heart
General subdivision Diseases
-- Diagnosis.
650 #2 - SUBJECT ADDED ENTRY--TOPICAL TERM
Topical term or geographic name entry element Heart Diseases
General subdivision diagnosis.
906 ## - LOCAL DATA ELEMENT F, LDF (RLIN)
a 7
b cbc
c orignew
d 1
e ocip
f 19
g y-gencatlg
942 ## - ADDED ENTRY ELEMENTS (KOHA)
Source of classification or shelving scheme
Koha item type Book
Suppress in OPAC JE
Holdings
Withdrawn status Lost status Source of classification or shelving scheme Damaged status Not for loan Permanent Location Current Location Shelving location Date acquired Total Checkouts Full call number Barcode Date last seen Copy number Price effective from Koha item type Public note Source of acquisition
          AU LIBRARY AU LIBRARY Open Shelf 01.07.2021   RC683 .F59 1991 C1 28003238 01.07.2021 1 01.07.2021 Book JE  
          AU LIBRARY AU LIBRARY Open Shelf 02.07.2021   RC683 .F59 1991 C2 28003239 02.07.2021 2 02.07.2021 Book PW  
          AU LIBRARY AU LIBRARY Open Shelf 24.01.2022   RC683 .F59 1991 C3 28004539 24.01.2022 3 24.01.2022 Book PW DONATION FROM MOI UNIVERSITY
          AU LIBRARY AU LIBRARY Open Shelf 24.01.2022   RC683 .F59 1991 C4 28004543 24.01.2022 4 24.01.2022 Book PW  
          AU LIBRARY AU LIBRARY Open Shelf 21.03.2022   RC683 .F59 1991 C5 28005683 21.03.2022 5 21.03.2022 Book JO DONATION FROM MOI UNIVERSITY
          AU LIBRARY AU LIBRARY Open Shelf 29.03.2022   RC683 .F59 1991 C6 28009160 29.03.2022 6 29.03.2022 Book SM DONATION FROM MOI UNIVERSITY
          AU LIBRARY AU LIBRARY Open Shelf 30.03.2022   RC683 .F59 1991 C7 28007323 30.03.2022 7 30.03.2022 Book JO DONATION FROM MOI UNIVERSITY
          AU LIBRARY AU LIBRARY Open Shelf 01.04.2022   RC683 .F59 1991 C8 28007369 01.04.2022 8 01.04.2022 Book PW DONATION FROM MOI UNIVERSITY

Powered by Koha